000
00516nam a2200181Ia 4500
008
100917s9999 xx 000 0 und d
082
_b
27712
100
_a
व्यास श्रीकांत
245
_a
बहादूर टॉम
260
_b
शिक्षा भारती
300
_a
88
365
_b
3
520
_a
बालविभाग
630
_a
बहादूर टॉम
650
_a
बालविभाग
730
_a
बहादूर टॉम
942
_c
BOOK
999
_c
633106
_d
633103